000 00544cam a2200205ua 4500
020 _c2.25
041 _aeng
_h
082 _a923.2
_bFIS/LI
100 _aFischer, Louis .
245 _aLife of Mahatma Gandhi /
_cLouis Fischer.
_hTextual Documents
260 _aMumbai :
_bBharatiya Vidya Bhavan ,
_c1959.
300 _a250 ; .
365 _a2.25
440 0 _aBhavan`s book University,
_vPart 1
_x;
490 0 _aBhavan`s book University,
_vPart 1
_x;
504 _a
942 _cBK
999 _c730
_d730